LANDSCAPE PLANNING FOR ENERGY CONSERVATION. (Record no. 1171668)

MARC details
000 -LEADER
fixed length control field 00297nam a2200109Ia 4500
008 - FIXED-LENGTH DATA ELEMENTS--GENERAL INFORMATION
fixed length control field 230724s1999 xx und d
041 ## - LANGUAGE CODE
Language code of text/sound track or separate title eng
100 ## - MAIN ENTRY--PERSONAL NAME
Personal name ROBINETTE G.
245 ## - TITLE STATEMENT
Title LANDSCAPE PLANNING FOR ENERGY CONSERVATION.
260 ## - PUBLICATION, DISTRIBUTION, ETC.
Name of publisher, distributor, etc. VAN NOSTRAND REINHOLD COMPANY LTD
Date of publication, distribution, etc. 1999
300 ## - PHYSICAL DESCRIPTION
Extent 224
Holdings
Withdrawn status Lost status Source of classification or shelving scheme Damaged status Use restrictions Not for loan Home library Current library Date acquired Source of acquisition Cost, normal purchase price Total Checkouts Barcode Date last seen Date last checked out Price effective from Koha item type
  Lost and Paid For Dewey Decimal Classification   Restricted Access   College of Architecture, Pune College of Architecture, Pune 23/07/2024 NULL 1162.40 1 ARP-BARCH-516 22/06/2026 22/06/2026 23/07/2024 Book